| 000 | 00998cam a22003137a 4500 | ||
|---|---|---|---|
| 003 | CHAP | ||
| 005 | 20220817042150.0 | ||
| 008 | 971013s1969 r 00010 d | ||
| 010 | _a36488 | ||
| 011 | _a37460 | ||
| 035 | _a41580 | ||
| 040 | _cCHAP | ||
| 082 |
_a338.1748 _bF3 |
||
| 110 | _aFAO | ||
| 245 | 1 | 3 |
_aLa economía vitivinícola mundial _b: estudio de sus tendencias y problemas |
| 260 |
_aRoma : _bFAO, _c1969 |
||
| 300 | _a52 p. | ||
| 490 | 0 |
_aFAO. Serie sobre productos _v; 43 |
|
| 590 |
_aBATCH-UPD _b10 _c20130110 _lUCH01 _h1928 |
||
| 590 |
_aBATCH-UPD _b10 _c20130410 _lUCH01 _h1253 |
||
| 590 |
_aBATCH-UPD _b10 _c20130914 _lUCH01 _h2106 |
||
| 590 |
_aCONVERSION _b10 _c20130109 _lUCH01 _h1320 |
||
| 650 | 1 | 4 |
_aViticultura _xAspectos económicos. _9120049 |
| 830 | 0 |
_aFAO. Serie sobre productos _v; 43 _939695 |
|
| 901 | _aBK | ||
| 942 | _cLIBRO | ||
| 949 |
_a338.1748 F3 _bBC _cFAO _d-95484 _eFAO1 _h13286 _i41580 _si |
||
| 949 |
_a338.1748 F3 _bBC _cFAO _d-95485 _eFAO2 _fc.3 _h32274 _i41580 _si |
||
| 999 |
_c36488 _d36488 |
||